000 00645nam a2200169Ia 4500
008 090711s9999 xx 000 0 und d
082 _b166
100 _aदीक्षित शा. प्र.
245 _aअसे वgक्ष असे देव (खंड 2)
260 _bकॉन्टीनेन्टल प्रकाशन
_c1999
300 _a108
600 _aदीक्षित शा. प्र.
630 _aअसे वgक्ष असे देव (खंड 2)
700 _aदीक्षित शा. प्र.
730 _aअसे वgक्ष असे देव (खंड 2)
942 _cBOOK
999 _c335054
_d335054